<?xml version="1.0" encoding="UTF-8"?>
<collection xmlns="http://www.loc.gov/MARC21/slim">
 <record>
  <leader>02451nam a2200253 a 4500</leader>
  <controlfield tag="001">1/48542</controlfield>
  <controlfield tag="008">190327s2005    gr af    b    00010 gre  </controlfield>
  <datafield tag="020" ind1=" " ind2=" ">
   <subfield code="a">9602440848</subfield>
  </datafield>
  <datafield tag="035" ind1=" " ind2=" ">
   <subfield code="l">51539</subfield>
  </datafield>
  <datafield tag="040" ind1=" " ind2=" ">
   <subfield code="a">GR-PeUP</subfield>
  </datafield>
  <datafield tag="082" ind1="0" ind2="0">
   <subfield code="a">338.2094958 ΙΣΤ</subfield>
  </datafield>
  <datafield tag="111" ind1="2" ind2=" ">
   <subfield code="a">Επιστημονικό συνέδριο &quot;Ιστορικά μεταλλεία στο Αιγαίο 19ος-20ός αιώνας&quot;</subfield>
   <subfield code="d">(2003 :</subfield>
   <subfield code="c">Μήλος)</subfield>
  </datafield>
  <datafield tag="245" ind1="1" ind2="0">
   <subfield code="a">Ιστορικά μεταλλεία στο Αιγαίο, 19ος-20ός αιώνας :</subfield>
   <subfield code="b">επιστημονικό συνέδριο, Μήλος, 3-5 Οκτωβρίου 2003 /</subfield>
   <subfield code="c">Εθνικό Μετσόβιο Πολυτεχνείο-Σχολή Αρχιτεκτόνων Μηχανικών, Πολιτιστικό 'Ιδρυμα Ομίλου Πειραιώς, Οικονομική Βιομηχανική Επιθεώρηση - Αρχείο Βοβολίνη.</subfield>
  </datafield>
  <datafield tag="260" ind1="0" ind2=" ">
   <subfield code="a">Αθήνα :</subfield>
   <subfield code="b">Πολιτιστικό Ίδρυμα Ομίλου Πειραιώς,</subfield>
   <subfield code="c">c2005.</subfield>
  </datafield>
  <datafield tag="300" ind1=" " ind2=" ">
   <subfield code="a">403 σ. :</subfield>
   <subfield code="b">εικ., πιν.,</subfield>
   <subfield code="c">24 εκ.</subfield>
  </datafield>
  <datafield tag="504" ind1=" " ind2=" ">
   <subfield code="a">Περιέχει βιβλιογραφίες.</subfield>
  </datafield>
  <datafield tag="505" ind1="0" ind2=" ">
   <subfield code="a">Το πρόγραμμα του συνεδρίου -- Ιστορίες μεταλλευτικών επιχειρήσεων: Κοινωνία και οικονομία -- Αρχειακές πηγές και μαρτυρίες -- Χώρος, εγκαταστάσεις, τεχνικές, τεχνολογίες -- Ανάδειξη, επανάχρηση και αξιοποίηση μεταλλευτικών μνημείων και τόπων.</subfield>
  </datafield>
  <datafield tag="650" ind1=" " ind2="4">
   <subfield code="a">Μεταλλεία</subfield>
   <subfield code="z">Ελλάδα</subfield>
   <subfield code="z">Αιγαίο, Περιοχή του</subfield>
   <subfield code="x">Ιστορία</subfield>
   <subfield code="x">Συνέδρια.</subfield>
  </datafield>
  <datafield tag="650" ind1=" " ind2="4">
   <subfield code="a">Ορυχεία και ορυκτά</subfield>
   <subfield code="z">Ελλάδα</subfield>
   <subfield code="z">Αιγαίο, Περιοχή του</subfield>
   <subfield code="x">Ιστορία</subfield>
   <subfield code="x">Συνέδρια.</subfield>
  </datafield>
  <datafield tag="650" ind1=" " ind2="4">
   <subfield code="a">Mines and mineral resources</subfield>
   <subfield code="z">Greece</subfield>
   <subfield code="z">Aegean Sea</subfield>
   <subfield code="x">History</subfield>
   <subfield code="x">Congresses.</subfield>
  </datafield>
  <datafield tag="710" ind1="1" ind2=" ">
   <subfield code="a">Πολιτιστικό Ίδρυμα Ομίλου Πειραιώς.</subfield>
  </datafield>
  <datafield tag="710" ind1="1" ind2=" ">
   <subfield code="a">Οικονομική Βιομηχανική Επιθεώρηση. Αρχείο Βοβολίνη.</subfield>
  </datafield>
  <datafield tag="710" ind1="2" ind2="0">
   <subfield code="a">Εθνικό Μετσόβιο Πολυτεχνείο. Σχολή Αρχιτεκτόνων Μηχανικών.</subfield>
  </datafield>
  <datafield tag="852" ind1=" " ind2=" ">
   <subfield code="a">INST</subfield>
   <subfield code="b">UNIPILB</subfield>
   <subfield code="c">MAIN</subfield>
   <subfield code="e">20190327</subfield>
   <subfield code="h">338.2094958 ΙΣΤ</subfield>
   <subfield code="p">00174017</subfield>
   <subfield code="q">00174017</subfield>
   <subfield code="t">LOAN</subfield>
   <subfield code="y">0</subfield>
   <subfield code="4">1</subfield>
  </datafield>
 </record>
</collection>
